| Tag |
First Indicator |
Second Indicator |
Subfields |
| LEADER |
00000cam a2200000 i 4500 |
| 001 |
in00004744813 |
| 006 |
m o d f |
| 007 |
cr ||||||||||| |
| 008 |
230726s2023 dcuab ob f000 0 eng c |
| 005 |
20231213203323.2 |
| 024 |
8 |
|
|a 43-528
|q (GPO jacket number)
|
| 035 |
|
|
|a (OCoLC)on1391153632
|
| 040 |
|
|
|a GPO
|b eng
|e rda
|e pn
|c GPO
|d MvI
|
| 042 |
|
|
|a pcc
|
| 043 |
|
|
|a n-us---
|
| 049 |
|
|
|a WWW
|
| 074 |
|
|
|a 1013-E (online)
|
| 086 |
0 |
|
|a Y 4.F 49/20:116-114
|
| 088 |
|
|
|a Serial no. 116-114 (United States. Congress. House. Committee on Financial Services)
|
| 110 |
1 |
|
|a United States.
|b Congress.
|b House.
|b Committee on Financial Services.
|b Subcommittee on Housing, Community Development, and Insurance,
|0 https://id.loc.gov/authorities/names/no2020017085
|e author.
|
| 245 |
1 |
0 |
|a Insuring against a pandemic :
|b challenges and solutions for policyholders and insurers : virtual hearing before the Subcommittee on Housing, Community Development, and Insurance of the Committee on Financial Services, U.S. House of Representatives, One Hundred Sixteenth Congress, second session, November 19, 2020.
|
| 264 |
|
1 |
|a Washington :
|b U.S. Government Publishing Office,
|c 2023.
|
| 300 |
|
|
|a 1 online resource (vi, 347 pages) :
|b illustrations, maps
|
| 336 |
|
|
|a text
|b txt
|2 rdacontent
|
| 337 |
|
|
|a computer
|b c
|2 rdamedia
|
| 338 |
|
|
|a online resource
|b cr
|2 rdacarrier
|
| 500 |
|
|
|a In scope of the U.S. Government Publishing Office Cataloging and Indexing Program (C&I) and Federal Depository Library Program (FDLP).
|
| 500 |
|
|
|a "Serial no. 116-114."
|
| 500 |
|
|
|a GPO Cataloging Record Distribution Program (CRDP).
|
| 504 |
|
|
|a Includes bibliographical references.
|
| 518 |
|
|
|a Date of hearing: 2020-11-19.
|
| 588 |
|
|
|a Description based on online resource; title from PDF title page (GovInfo, viewed July 26, 2023).
|
| 650 |
|
0 |
|a COVID-19 (Disease)
|z United States.
|
| 650 |
|
0 |
|a COVID-19 Pandemic, 2020-
|z United States.
|
| 650 |
|
0 |
|a Insurance
|z United States.
|0 https://id.loc.gov/authorities/subjects/sh96011689
|
| 650 |
|
7 |
|a Finance and Financial Sector.
|2 cgpa
|
| 655 |
|
7 |
|a Legislative hearings.
|2 lcgft
|0 https://id.loc.gov/authorities/genreForms/gf2013025047
|
| 776 |
0 |
8 |
|i Print version:
|a United States. Congress. House. Committee on Financial Services. Subcommittee on Housing, Community Development, and Insurance.
|t Insuring against a pandemic
|w (OCoLC)1391138591
|
| 856 |
4 |
0 |
|u https://purl.fdlp.gov/GPO/gpo214908
|t 0
|
| 999 |
f |
f |
|s 9dffc73a-25d8-499b-bb4e-824bb05299cb
|i 80d42213-7140-4738-b64f-c6514949dd0f
|t 0
|
| 952 |
f |
f |
|a Texas A&M University
|b College Station
|c Electronic Resources
|d Available Online
|t 0
|e Y 4.F 49/20:116-114
|h Superintendent of Documents classification
|
| 998 |
f |
f |
|a Y 4.F 49/20:116-114
|t 0
|l Available Online
|